000 00708nam a2200253Ia 4500
003 OSt
005 20221007102544.0
006 a|||||r|||| 00| 0
007 ta
008 221006b |||||||| |||| 00| 0 eng d
020 _a0761935398
024 _a10,660
037 _cTextual
040 _aLCO
_cLCO
_beng
041 _2eng
_aeng
082 _aZ2,5153, P7
100 _aTulsi P. Ed.
_9704680
245 0 _aSex-Selective Abortion in India
_b Genders, Society and New Reproductive Technologies
260 _aDelhi
_bSage Publications India India
_c2007
300 _a432
650 _aABORTION
942 _hZ2,5153, P7
_cTEXL
999 _c1180223
_d1180223